[Event "Titled Tuesday intern op 20th Aug Late"]
[Site "Chess.com INT"]
[Date "2024.08.20"]
[Round "11"]
[White "Papayan, Oleg"]
[Black "Romero Ruscalleda, Josep"]
[Result "1-0"]
[WhiteElo "2183"]
[BlackElo "2153"]
[PlyCount "91"]
[EventDate "2024.08.20"]
[EventType "swiss (blitz)"]
[EventRounds "11"]
[EventCountry "USA"]
[SourceTitle "EXT 2025"]
[Source "ChessBase"]
[SourceDate "2024.10.14"]
[SourceVersion "1"]
[SourceVersionDate "2024.10.14"]
[SourceQuality "1"]

1. d4 g6 2. e4 Bg7 3. Nc3 d6 4. f4 a6 5. a4 Nc6 6. Nf3 Bg4 7. d5 Nd4 8. Be3 Nxf3+ 9. gxf3 Bd7 10. h4 Nf6 11. Bc4 Nh5 12. Qd2 c5 13. a5 b5 14. axb6 Qxb6 15. Bb3 0-0 16. Kf2 Rfc8 17. Rhg1 f5 18. Ra2 Qb4 19. Nb1 Qb7 20. Na3 Rf8 21. Kg2 a5 22. Bc4 a4 23. Be2 e6 24. Nc4 fxe4 25. fxe4 exd5 26. exd5 Rf6 27. Bxh5 gxh5 28. Kh2 Bg4 29. Raa1 Qc7 30. Rae1 Raf8 31. Qd3 Bf5 32. Qd2 Rg6 33. Rg5 Bg4 34. Bf2 Bf6 35. Rxg6+ hxg6 36. Ne3 Bd7 37. Qd3 Kh7 38. Rg1 Rg8 39. f5 g5 40. hxg5 Rxg5 41. Rxg5 Bxg5 42. f6+ Kh6 43. f7 Qd8 44. Nf5+ Bxf5 45. Qxf5 Qf8 46. Bg3 1-0

[Event "Titled Tuesday intern op 20th Aug Early"]
[Site "Chess.com INT"]
[Date "2024.08.20"]
[Round "3"]
[White "Romero Ruscalleda, Josep"]
[Black "Cuenca Jimenez, Jose Fernando"]
[Result "1-0"]
[WhiteElo "2153"]
[BlackElo "2472"]
[PlyCount "101"]
[EventDate "2024.08.20"]
[EventType "swiss (blitz)"]
[EventRounds "11"]
[EventCountry "USA"]
[SourceTitle "EXT 2025"]
[Source "ChessBase"]
[SourceDate "2024.10.14"]
[SourceVersion "1"]
[SourceVersionDate "2024.10.14"]
[SourceQuality "1"]

1. e4 c5 2. c3 Nf6 3. e5 Nd5 4. Nf3 Nc6 5. Bc4 Nb6 6. Bb3 c4 7. Bc2 d6 8. exd6 Qxd6 9. 0-0 Bg4 10. Re1 Ne5 11. Rxe5 Bxf3 12. Qe1 Bc6 13. Na3 g6 14. b3 Bg7 15. Re3 cxb3 16. axb3 0-0 17. d4 Rfe8 18. Nc4 Nxc4 19. bxc4 e6 20. Ba3 Qc7 21. c5 e5 22. Rd1 Rad8 23. Bb2 Bd5 24. Be4 Bb3 25. Rd2 f5 26. Bb1 e4 27. Rh3 Qc6 28. Qe3 Bd5 29. Re2 Qc7 30. Qg5 Bc4 31. Re1 Qf7 32. Bc1 a5 33. Bf4 a4 34. Bc1 Bd3 35. Bxd3 exd3 36. Rxe8+ Rxe8 37. Re3 Ra8 38. Rxd3 a3 39. Bxa3 Rxa3 40. h3 Qc7 41. g3 Ra8 42. Re3 Bf8 43. Qf6 Qf7 44. Qb6 Rc8 45. Qb5 Rd8 46. Kg2 f4 47. Rf3 g5 48. c6 bxc6 49. Qxg5+ Qg6 50. Qxd8 h5 51. Rxf4 1-0

[Event "Titled Tuesday intern op 20th Aug Late"]
[Site "Chess.com INT"]
[Date "2024.08.20"]
[Round "5"]
[White "Tokat, Nehir"]
[Black "Romero Ruscalleda, Josep"]
[Result "0-1"]
[WhiteElo "1892"]
[BlackElo "2153"]
[PlyCount "57"]
[EventDate "2024.08.20"]
[EventType "swiss (blitz)"]
[EventRounds "11"]
[EventCountry "USA"]
[SourceTitle "EXT 2025"]
[Source "ChessBase"]
[SourceDate "2024.10.14"]
[SourceVersion "1"]
[SourceVersionDate "2024.10.14"]
[SourceQuality "1"]

1. d4 g6 2. c4 Bg7 3. Nc3 d6 4. e4 Nc6 5. Be3 e5 6. d5 Nce7 7. Qd2 f5 8. f3 Nf6 9. Bd3 0-0 10. Nge2 fxe4 11. Nxe4 Nf5 12. Bf2 Bh6 13. Qc2 Ne3 14. Bxe3 Bxe3 15. N2g3 a6 16. h4 Bf5 17. h5 Bf4 18. hxg6 Bxg6 19. Nxf6+ Qxf6 20. Nh5 Qg5 21. g4 Rf7 22. Be4 Be3 23. Ke2 Bd4 24. Raf1 Raf8 25. Qd3 b5 26. cxb5 axb5 27. f4 Qxg4+ 28. Bf3 Bxd3+ 29. Kxd3 0-1